|
|
|
|
| LEADER |
00000cam a22000004a 4500 |
| 001 |
musev2_69990 |
| 003 |
MdBmJHUP |
| 005 |
20230905051225.0 |
| 006 |
m o d |
| 007 |
cr||||||||nn|n |
| 008 |
090217s2008 ncu o 00 0 eng d |
| 020 |
|
|
|a 9780822391432
|
| 020 |
|
|
|z 9780822341550
|
| 020 |
|
|
|z 9780822341314
|
| 035 |
|
|
|a (OCoLC)1150217061
|
| 040 |
|
|
|a MdBmJHUP
|c MdBmJHUP
|
| 245 |
0 |
0 |
|a Still Moving :
|b Between Cinema and Photography /
|c Karen Beckman and Jean Ma, editors.
|
| 264 |
|
1 |
|a Durham :
|b Duke University Press,
|c 2008.
|
| 264 |
|
3 |
|a Baltimore, Md. :
|b Project MUSE,
|c 2020
|
| 264 |
|
4 |
|c ©2008.
|
| 300 |
|
|
|a 1 online resource (323 pages):
|b illustrations
|
| 336 |
|
|
|a text
|b txt
|2 rdacontent
|
| 337 |
|
|
|a computer
|b c
|2 rdamedia
|
| 338 |
|
|
|a online resource
|b cr
|2 rdacarrier
|
| 505 |
0 |
|
|a I. BEYOND REFERENTIALITY. 1 What's the Point of an Index? or, Faking Photographs / Tom Gunning. "The Forgotten Image between Two Shots" : Photos, Photograms, and the Essayistic / Timothy Corrigan. 3 Structural Film: Noise / Juan A. Suárez -- II. NATION, MEMORY, HISTORY. 4 An Essay on Calendar / Atom Egoyan. 5 Photography's Absent Times / Jean Ma. 6 The Idea of Still / Rebecca Baron, interviewed by Janet Sarbanes. 7 Crash Aesthetics: Amores Perros and the Dream of Cinematic Mobility / Karen Beckman. 8 Surplus Memories: From the Slide Show to the Digital Bulletin Board in Jim Mendiola's Speeder Kills / Rita Gonzalez -- III. WORKING BETWEEN MEDIA. 9 Photography's Expanded Field / George Baker. 10 Weekend Campus / Nancy Davenport. 11 Aleph Beat: Wallace Berman between Photography and Film / Louis Kaplan. 12 Mental Images: The Dramatization of Psychological Disturbance / Zoe Beloff. 13 Concerning "the Photographic" / Raymond Bellour.
|
| 520 |
|
|
|a A collection of essays that discuss the relationship of film and photography, with a focus on medium specificity.
|
| 588 |
|
|
|a Description based on print version record.
|
| 650 |
|
7 |
|a Photography.
|2 fast
|0 (OCoLC)fst01061714
|
| 650 |
|
7 |
|a Motion pictures.
|2 fast
|0 (OCoLC)fst01027285
|
| 650 |
|
7 |
|a Installations (Art)
|2 fast
|0 (OCoLC)fst00974250
|
| 650 |
|
7 |
|a installations (visual works)
|2 aat
|
| 650 |
|
6 |
|a Photographie.
|
| 650 |
|
6 |
|a Installations (Art)
|
| 650 |
|
2 |
|a Photography
|
| 650 |
|
0 |
|a Motion pictures.
|
| 650 |
|
0 |
|a Photography.
|
| 650 |
|
0 |
|a Installations (Art)
|
| 655 |
|
7 |
|a Electronic books.
|2 local
|
| 700 |
1 |
|
|a Beckman, Karen Redrobe,
|d 1971-
|
| 700 |
1 |
|
|a Ma, Jean,
|d 1972-
|
| 710 |
2 |
|
|a ebrary, Inc.
|
| 710 |
2 |
|
|a Project Muse.
|e distributor
|
| 830 |
|
0 |
|a Book collections on Project MUSE.
|
| 856 |
4 |
0 |
|z Texto completo
|u https://projectmuse.uam.elogim.com/book/69990/
|
| 945 |
|
|
|a Project MUSE - Custom Collection
|